ბათუმის შოთა რუსთაველის სახელმწიფო უნივერსიტეტის ბიბლიოთეკა

Архитектура гражданских и промышленных зданий. Промышленные здания. (ბიბ.ჩანაწერი № 37306)

000 -LEADER
fixed length control field 00731nam a2200217Ia 4500
001 - CONTROL NUMBER
control field 3265
003 - CONTROL NUMBER IDENTIFIER
control field GE_BSU
008 - FIXED-LENGTH DATA ELEMENTS--GENERAL INFORMATION
fixed length control field 181216s||||||||xx |||||||||||||| ||und||
040 ## - CATALOGING SOURCE
Transcribing agency GE_BSU
080 ## - UNIVERSAL DECIMAL CLASSIFICATION NUMBER
Universal Decimal Classification number 725.4.05
100 ## - MAIN ENTRY--PERSONAL NAME
Personal name Орловский,Б.Я. Орловский,Я.Б.
245 ## - TITLE STATEMENT
Title Архитектура гражданских и промышленных зданий. Промышленные здания.
245 ## - TITLE STATEMENT
Remainder of title Учеб.
250 ## - EDITION STATEMENT
Edition statement Изд. 3-е, перераб. и доп.
260 ## - PUBLICATION, DISTRIBUTION, ETC.
Place of publication, distribution, etc. М.
260 ## - PUBLICATION, DISTRIBUTION, ETC.
Name of publisher, distributor, etc. Высш. шк.
260 ## - PUBLICATION, DISTRIBUTION, ETC.
Date of publication, distribution, etc. 1985.
300 ## - PHYSICAL DESCRIPTION
Extent 287 стр. 22 см. с илл.
653 ## - INDEX TERM--UNCONTROLLED
Uncontrolled term Архитектура гражданских и промышленных зданий.
942 ## - ADDED ENTRY ELEMENTS (KOHA)
Koha item type წიგნი
ეგზემპლარები
Withdrawn status Lost status Damaged status Not for loan Date acquired Barcode Date last seen Price effective from Koha item type Public note
        2018-12-17 9877 2018-12-17 2018-12-17 წიგნი დარბაზი